|
|
|
|
| LEADER |
00579cam a2200193 7i4500 |
| 001 |
0000006372 |
| 005 |
19991025090000.0 |
| 002 |
##000008057 |
| 020 |
0 |
0 |
|a 0-471-30194-8
|
| 090 |
0 |
0 |
|a B 658.8
|b DAV
|
| 100 |
0 |
0 |
|a Davidson
|
| 245 |
0 |
0 |
|a Marketing on a shoestring :
|b low-cost tips for marketing your products or services.
|
| 250 |
0 |
0 |
|a 2nd ed..
|
| 260 |
0 |
0 |
|a New York:
|b John Wiley & Sons,
|c 1994.
|
| 300 |
0 |
0 |
|a 266 p..
|
| 440 |
0 |
0 |
|a Wiley small business editions
|
| 650 |
0 |
0 |
|a Marketing
|
| 650 |
0 |
0 |
|a Marketing --
|x Costs
|
| 999 |
|
|
|a 0000009419
|b Book
|c Open shelf
|e Business Information Centre
|